| 000 | 00437nam a22001697a 4500 | ||
|---|---|---|---|
| 005 | 20251108164247.0 | ||
| 008 | 250721s1988 xx 000 0 ara d | ||
| 082 | 1 | 4 | _a792.0962/حكي |
| 100 | 1 | _aالحكيم، توفيق | |
| 245 | 1 | 0 | _aقالبنا المسرحي / |
| 264 | 1 |
_aالقاهره : _bمكتبة مصر، _c1988. |
|
| 300 | _a189ص | ||
| 650 | 1 | 7 | _aالمسرح |
| 650 | 1 | 7 | _aمصر |
| 942 |
_2ddc _cBK |
||
| 999 |
_c7750 _d7750 |
||